000 01642nam a2200313 i 4500
003 OSt
005 20260114122331.0
008 260114t20242023enk erb 000 0deng d
020 _a9780008530136
_cRM 72.00
_qpaperback
040 _aPPAK
_beng
_cPPAK
_erda
082 0 4 _223
_a305.2442
090 0 0 _a305.2442
_bCAN
_dG
100 1 _aCandy, Lorraine,
_eeauthor.
245 1 0 _aWhat's Wrong With Me? :
_bFrom Unravelling to Reinvention : A Midlife Memoir /
_cLorraine Candy
246 3 0 _aWhat is wrong with me?
264 1 _aLondon :
_b4th Estate,
_c2024
264 4 _c©2023
300 _aviii, 242 pages ;
_c20 cm
336 _atext
_2rdacontent
337 _aunmediated
_2rdamedia
338 _avolume
_2rdacarrier
504 _aIncludes bibliographical references.
520 _aIf I was removed from the hurly burly of these overwhelming days, I would be able to patiently and logically think it all through. To untangle this conundrum. I would be able to find the thing I had lost. Probably the most important thing I owned. My identity. Tackling everything from empty nest, career reinvention, sex, marriage, brain fog, burnout, perimenopause and menopause this laugh out loud memoir is a pathfinder for women whose messy midlife rage caught them by surprise. With advice from experts, celebrities and personal stories, the book will help women feel less alone as they embrace this liberating and transformational new stage of life.
650 1 0 _aMiddle-aged women
_vLife skills guides
650 2 0 _aMidlife crisis
655 7 _aSelf-help publications
655 7 _aAnecdotes
942 _2ddc
_cB
999 _c202733
_d202733